[Event "46th OKU-A 2019"]
[Site "Utrecht"]
[Date "2019.05.31"]
[Round "1.1"]
[White "Burg, Twan"]
[Black "Mijnster, Niels"]
[Result "1/2-1/2"]
[WhiteElo "2519"]
[BlackElo "2064"]
[Annotator "TA"]
[PlyCount "63"]
[EventDate "2019.05.31"]
[EventType "swiss"]
[EventCountry "NED"]
[SourceTitle "playchess.com"]
[Source "ChessBase"]
[SourceQuality "1"]

{[%evp 16,63,20,14,27,-18,0,0,1,0,18,-9,6,-5,97,91,81,84,83,80,74,57,68,63,53,52,41,-12,-21,-9,-15,-14,-16,-42,-60,-1173,-1156,-1147,-1131,-1120,-1066,-2886,-732,-1079,-1023,-1205,-621,-945,-946,-816]} 1. e4 c6 2. d4 d5 3. exd5 cxd5 4. c4 Nf6 5. Nc3 Nc6 6. Nf3 Be6 7. c5 g6 8. Bb5 Bg7 9. Ne5 Bd7 {B13: Caro-Kann: Exchange Variation and Panov-Botvinnik Attack} 10. Nxd7 (10. O-O O-O 11. Re1 a6 12. Bxc6 Bxc6 13. Na4 Bxa4 14. Qxa4 Rc8 15. f3 Rc7 16. Bd2 Nd7 17. Ba5 Nxe5 18. dxe5 {½-½ (28) Khenkin,I (2575)-Van den Doel,E (2557) Bad Homburg 2016}) 10... Qxd7 11. O-O O-O {The position is equal.} 12. Re1 Rad8 13. Qa4 $146 ({Predecessor:} 13. h3 Ne8 14. Bf4 Nc7 15. Bxc6 bxc6 16. b4 Ne6 17. Be3 {0-1 (37) Tamim,A (1827)-Saeed,I (2212) Sharjah 2014}) 13... Ne4 14. Ne2 e5 (14... a6 $11 15. Bxc6 Qxc6 16. Qxc6 bxc6) 15. f3 $16 exd4 16. fxe4 dxe4 17. Bg5 f6 18. Bf4 d3 19. Nc3 f5 20. Bd6 $1 Rfe8 21. Nxe4 (21. Nd5 $14) 21... fxe4 $11 22. Rxe4 d2 {Strongly threatening ...a6.} 23. Rd1 Qf5 ({Wrong is} 23... Bd4+ $2 24. Rxd4 Re1+ 25. Kf2 $18) 24. Rf4 Re1+ 25. Bf1 $2 {[%mdl 8192] [#]} (25. Kf2 $15 Bd4+ {[#]} 26. Qxd4 $1 {[%mdl 512]} Nxd4 27. Rxf5 Nxf5 28. Bc4+ Kg7 29. Rxd2) 25... Bd4+ $1 $19 {[%mdl 512] Black is clearly winning.} 26. Kh1 (26. Rxd4 Qxf1#) 26... Qd3 27. h3 Qe3 {[%csl Gd4][%cal Re3g1]} 28. Rxd4 Qxd4 (28... Nxd4 $142 29. Qc4+ Kg7 30. Rxd2 Qxd2) 29. Qb3+ Kh8 30. Kh2 Rde8 31. Bg3 Rxd1 32. Qxd1 {[%mdl 32768] Accuracy: White = 21%, Black = 66%. . An unexpected result.} 1/2-1/2

[Event "46th OKU-A 2019"]
[Site "Utrecht"]
[Date "2019.05.31"]
[Round "1.2"]
[White "Ercan, Selman"]
[Black "Ten Hertog, Hugo"]
[Result "0-1"]
[WhiteElo "2060"]
[BlackElo "2480"]
[Annotator "RC"]
[PlyCount "74"]
[EventDate "2019.05.31"]
[EventType "swiss"]
[EventCountry "NED"]
[SourceTitle "playchess.com"]
[Source "ChessBase"]
[SourceQuality "1"]
[TimeControl "6600+10"]

1. d4 {[%emt 0:00:00]} g6 {[%emt 0:00:00]} 2. c4 {[%emt 0:00:16]} Bg7 {[%emt 0:00:00]} 3. e4 {[%emt 0:01:15]} e6 {[%emt 0:00:07]} 4. Nc3 {[%emt 0:00:30]} Ne7 {[%emt 0:00:04]} 5. Bg5 {[%emt 0:07:06]} h6 {[%emt 0:00:23]} 6. Bh4 {[%emt 0:00:18]} O-O {[%emt 0:01:54]} 7. Nf3 {[%emt 0:01:54]} d5 {[%emt 0:04:55]} 8. cxd5 {[%emt 0:09:02]} exd5 {[%emt 0:01:25]} 9. e5 {[%emt 0:00:19]} Nbc6 {[%emt 0:03:06]} 10. h3 {[%emt 0:12:33]} g5 {[%emt 0:09:42]} 11. Bg3 {[%emt 0:00:46]} Nf5 {[%emt 0:04:11]} 12. Bh2 {[%emt 0:01:52]} f6 {[%emt 0:01:33]} 13. Be2 {[%emt 0:10:46]} fxe5 {[%emt 0:07:21]} 14. dxe5 {[%emt 0:06:10]} Be6 {[%emt 0:00:53]} 15. O-O {[%emt 0:00:52]} Qd7 {[%emt 0:06:02]} 16. Na4 {[%emt 0:13:15]} b6 {[%emt 0:06:30]} 17. Rc1 {[%emt 0:02:10]} a6 {[%emt 0:03:54]} 18. Re1 {[%emt 0:03:43]} Nfe7 {[%emt 0:05:09]} 19. Bd3 {[%emt 0:03:28]} Rf7 {[%emt 0:07:28]} 20. Nc3 {[%emt 0:10:49]} Raf8 {[%emt 0:02:21]} 21. Qe2 {[%emt 0:01:49]} Rxf3 {[%emt 0:01:35]} 22. gxf3 {[%emt 0:00:33]} Nd4 {[%emt 0:00:07]} 23. Qd1 {[%emt 0:02:07]} Nxf3+ {[%emt 0:01:04]} 24. Kh1 {[%emt 0:00:12]} Nc6 {[%emt 0:06:32]} 25. Bg3 {[%emt 0:03:55]} Nxe1 {[%emt 0:01:42]} 26. Qxe1 {[%emt 0:00:08]} Nd4 {[%emt 0:00:53]} 27. Bxa6 {[%emt 0:04:18]} Nf3 {[%emt 0:01:03]} 28. Qe2 {[%emt 0:01:17]} Qf7 {[%emt 0:04:12]} 29. Nb5 {[%emt 0:02:28]} Qh5 {[%emt 0:01:10]} 30. h4 {[%emt 0:02:10]} Qg4 {[%emt 0:00:06]} 31. Qf1 {[%emt 0:00:30]} gxh4 {[%emt 0:01:29]} 32. Bh2 {[%emt 0:00:32]} Nxh2 {[%emt 0:00:50]} 33. Kxh2 {[%emt 0:01:09]} Bxe5+ {[%emt 0:00:44]} 34. Kh1 {[%emt 0:00:06]} h3 {[%emt 0:01:12]} 35. Qg1 {[%emt 0:00:54]} Rxf2 {[%emt 0:00:41]} 36. Qxg4+ {[%emt 0:00:35]} Bxg4 {[%emt 0:00:05]} 37. Rg1 {[%emt 0:01:40]} Rh2# {[%emt 0:00:07]} 0-1

[Event "46th OKU-A 2019"]
[Site "Utrecht"]
[Date "2019.05.31"]
[Round "1.4"]
[White "Kanis, Sierk"]
[Black "Arnaudov, G. Petar"]
[Result "0-1"]
[WhiteElo "2017"]
[BlackElo "2482"]
[Annotator "ChessBase"]
[PlyCount "62"]
[EventDate "2019.05.31"]
[EventType "swiss"]
[EventCountry "NED"]
[SourceTitle "playchess.com"]
[Source "ChessBase"]
[SourceQuality "1"]
[TimeControl "6600+10"]

1. d4 {[%emt 0:00:00]} Nf6 {[%emt 0:00:00]} 2. c4 {[%emt 0:00:00]} Nc6 {[%emt 0:00:02]} 3. Nc3 {[%emt 0:00:57]} e5 {[%emt 0:00:06]} 4. d5 {[%emt 0:01:29]} Ne7 {[%emt 0:00:06]} 5. e4 {[%emt 0:00:19]} Ng6 {[%emt 0:00:04]} 6. Be3 {[%emt 0:03:39]} Bb4 {[%emt 0:00:13]} 7. Bd3 {[%emt 0:03:19]} Bxc3+ {[%emt 0:00:08]} 8. bxc3 {[%emt 0:00:02]} d6 {[%emt 0:00:13]} 9. h3 {[%emt 0:02:18]} O-O {[%emt 0:00:19]} 10. Ne2 {[%emt 0:06:21]} h6 {[%emt 0:02:50]} 11. c5 {[%emt 0:03:22]} Nd7 {[%emt 0:04:15]} 12. cxd6 {[%emt 0:00:43]} cxd6 {[%emt 0:00:03]} 13. g4 {[%emt 0:04:58]} Nc5 {[%emt 0:05:07]} 14. Bxc5 {[%emt 0:05:12]} dxc5 {[%emt 0:00:09]} 15. Ng3 {[%emt 0:05:32]} Qa5 {[%emt 0:01:54]} 16. Qd2 {[%emt 0:07:04]} Nf4 {[%emt 0:01:40]} 17. Ne2 {[%emt 0:11:03]} Ng2+ {[%emt 0:04:30]} 18. Kf1 {[%emt 0:00:04]} Nh4 {[%emt 0:00:10]} 19. Qb2 {[%emt 0:05:28]} g6 {[%emt 0:01:11]} 20. Rg1 {[%emt 0:01:47]} Qd8 {[%emt 0:00:41]} 21. Rg3 {[%emt 0:01:23]} Kh7 {[%emt 0:00:38]} 22. Kg1 {[%emt 0:03:24]} f5 {[%emt 0:01:05]} 23. gxf5 {[%emt 0:01:13]} gxf5 {[%emt 0:00:09]} 24. c4 {[%emt 0:05:47]} f4 {[%emt 0:01:06]} 25. Nxf4 {[%emt 0:00:32]} Rxf4 {[%emt 0:00:18]} 26. Qxe5 {[%emt 0:05:17]} Nf3+ {[%emt 0:01:07]} 27. Rxf3 {[%emt 0:00:11]} Rxf3 {[%emt 0:00:03]} 28. Qc3 {[%emt 0:01:25]} Qg5+ {[%emt 0:00:11]} 29. Kf1 {[%emt 0:00:29]} Qe3 {[%emt 0:00:42]} 30. e5+ {[%emt 0:01:53]} Qxd3+ {[%emt 0:00:05]} 31. Qxd3+ {[%emt 0:00:08]} Rxd3 {[%emt 0:00:06]} 0-1

[Event "46th OKU-A 2019"]
[Site "Utrecht"]
[Date "2019.05.31"]
[Round "1.5"]
[White "Warmerdam, Max"]
[Black "Rosmuller, Anton"]
[Result "1-0"]
[WhiteElo "2476"]
[BlackElo "2062"]
[Annotator "ChessBase"]
[PlyCount "51"]
[EventDate "2019.05.31"]
[EventType "swiss"]
[EventCountry "NED"]
[SourceTitle "playchess.com"]
[Source "ChessBase"]
[SourceQuality "1"]
[TimeControl "6600+10"]

1. e4 {[%emt 0:00:00]} c5 {[%emt 0:00:05]} 2. Nf3 {[%emt 0:00:00]} Nc6 {[%emt 0:00:06]} 3. d4 {[%emt 0:00:50]} cxd4 {[%emt 0:00:19]} 4. Nxd4 {[%emt 0:00:06]} Nf6 {[%emt 0:00:22]} 5. Nc3 {[%emt 0:00:05]} e5 {[%emt 0:00:07]} 6. Ndb5 {[%emt 0:00:06]} d6 {[%emt 0:00:08]} 7. Bg5 {[%emt 0:00:21]} a6 {[%emt 0:00:22]} 8. Na3 {[%emt 0:00:05]} b5 {[%emt 0:00:20]} 9. Bxf6 {[%emt 0:01:23]} gxf6 {[%emt 0:00:08]} 10. Nd5 {[%emt 0:00:04]} f5 {[%emt 0:04:35]} 11. Bd3 {[%emt 0:01:29]} Bg7 {[%emt 0:02:05]} 12. exf5 {[%emt 0:01:55]} e4 {[%emt 0:09:46]} 13. f6 {[%emt 0:02:37]} Bxf6 {[%emt 0:03:44]} 14. Nxf6+ {[%emt 0:00:54]} Qxf6 {[%emt 0:00:08]} 15. Bxe4 {[%emt 0:00:06]} Bb7 {[%emt 0:04:35]} 16. Qf3 {[%emt 0:02:58]} Qxf3 {[%emt 0:01:19]} 17. Bxf3 {[%emt 0:00:06]} O-O-O {[%emt 0:00:50]} 18. O-O-O {[%emt 0:00:29]} Ne5 {[%emt 0:01:53]} 19. Bxb7+ {[%emt 0:01:49]} Kxb7 {[%emt 0:00:08]} 20. c3 {[%emt 0:00:15]} Rhe8 {[%emt 0:06:15]} 21. Nc2 {[%emt 0:00:46]} Re7 {[%emt 0:13:13]} 22. Rd4 {[%emt 0:02:24]} Nc6 {[%emt 0:02:53]} 23. Rf4 {[%emt 0:01:35]} Rg8 {[%emt 0:03:00]} 24. Ne3 {[%emt 0:00:23]} Ne5 {[%emt 0:02:31]} 25. Rd1 {[%emt 0:00:13]} Kc6 {[%emt 0:02:56]} 26. Rh4 {[%emt 0:02:09]} 1-0

[Event "46th OKU-A 2019"]
[Site "Utrecht"]
[Date "2019.05.31"]
[Round "1.6"]
[White "Buikstra, Arjon"]
[Black "Meng, Roger"]
[Result "0-1"]
[WhiteElo "2075"]
[BlackElo "2443"]
[Annotator "ChessBase"]
[PlyCount "72"]
[EventDate "2019.05.31"]
[EventType "swiss"]
[EventCountry "NED"]
[SourceTitle "playchess.com"]
[Source "ChessBase"]
[SourceQuality "1"]
[TimeControl "6600+10"]

1. e4 {[%emt 0:00:00]} g6 {[%emt 0:00:05]} 2. Nf3 {[%emt 0:01:03]} Bg7 {[%emt 0:00:05]} 3. d4 {[%emt 0:00:36]} d6 {[%emt 0:00:08]} 4. Be3 {[%emt 0:01:30]} Nf6 {[%emt 0:00:43]} 5. Nc3 {[%emt 0:00:17]} O-O {[%emt 0:00:22]} 6. Bd3 {[%emt 0:00:51]} Nc6 {[%emt 0:02:04]} 7. h3 {[%emt 0:02:04]} e5 {[%emt 0:00:14]} 8. d5 {[%emt 0:03:21]} Ne7 {[%emt 0:00:07]} 9. Bc4 {[%emt 0:15:15]} c6 {[%emt 0:02:35]} 10. a4 {[%emt 0:01:35]} cxd5 {[%emt 0:00:18]} 11. exd5 {[%emt 0:00:34]} Nf5 {[%emt 0:00:46]} 12. Bc1 {[%emt 0:05:02]} e4 {[%emt 0:05:03]} 13. Nh2 {[%emt 0:06:46]} e3 {[%emt 0:02:35]} 14. fxe3 {[%emt 0:12:04]} Ng3 {[%emt 0:05:42]} 15. Rg1 {[%emt 0:01:38]} Re8 {[%emt 0:00:12]} 16. Ne2 {[%emt 0:12:26]} Nfe4 {[%emt 0:02:00]} 17. Nf3 {[%emt 0:00:55]} Nf5 {[%emt 0:06:39]} 18. Bd3 {[%emt 0:09:18]} Qa5+ {[%emt 0:02:38]} 19. c3 {[%emt 0:02:08]} Qxd5 {[%emt 0:01:01]} 20. Nf4 {[%emt 0:00:49]} Qc5 {[%emt 0:00:18]} 21. Bxe4 {[%emt 0:02:18]} Rxe4 {[%emt 0:00:39]} 22. Qd5 {[%emt 0:00:16]} Qxd5 {[%emt 0:03:35]} 23. Nxd5 {[%emt 0:00:06]} Bd7 {[%emt 0:00:32]} 24. Kf2 {[%emt 0:01:45]} Rxa4 {[%emt 0:03:42]} 25. Rxa4 {[%emt 0:01:46]} Bxa4 {[%emt 0:00:01]} 26. g4 {[%emt 0:01:08]} Bb3 {[%emt 0:07:22]} 27. Nc7 {[%emt 0:00:43]} Rc8 {[%emt 0:00:20]} 28. Nb5 {[%emt 0:00:07]} a6 {[%emt 0:00:21]} 29. gxf5 {[%emt 0:06:43]} axb5 {[%emt 0:00:13]} 30. Nd4 {[%emt 0:00:22]} Bc4 {[%emt 0:00:13]} 31. e4 {[%emt 0:01:07]} b4 {[%emt 0:00:34]} 32. Ke3 {[%emt 0:00:46]} bxc3 {[%emt 0:01:21]} 33. bxc3 {[%emt 0:00:38]} Re8 {[%emt 0:01:26]} 34. Kf3 {[%emt 0:00:26]} Bd3 {[%emt 0:00:50]} 35. Re1 {[%emt 0:01:11]} d5 {[%emt 0:00:11]} 36. e5 {[%emt 0:00:54]} Be4+ {[%emt 0:00:31]} 0-1

[Event "46th OKU-A 2019"]
[Site "Utrecht"]
[Date "2019.05.31"]
[Round "1.7"]
[White "Miezis, Normunds"]
[Black "Van de Pavoordt, Max"]
[Result "1-0"]
[WhiteElo "2456"]
[BlackElo "2024"]
[Annotator "TA"]
[PlyCount "83"]
[EventDate "2019.05.31"]
[EventType "swiss"]
[EventCountry "NED"]
[SourceTitle "playchess.com"]
[Source "ChessBase"]
[SourceQuality "1"]

{[%evp 11,83,0,8,17,16,4,22,25,31,-9,-4,-8,0,-15,-13,-11,55,11,22,0,29,12,35,0,13,-34,-27,-29,-29,-60,-57,-85,-85,-148,-150,-155,-154,-151,-156,-122,-101,-124,-105,-128,-114,-135,-123,-216,-91,-77,-93,-85,-78,-77,-83,-80,88,83,106,0,43,0,331,341,337,19,199,0,689,567,718,704,1669,1056]} 1. c4 e6 2. e4 d5 3. exd5 exd5 4. d4 Nf6 5. Nc3 {[%cal Bb1c3,Bc3e4,Be4g3,Bg3f5][%mdl 32]} c6 6. Bd3 Be6 7. cxd5 {C01: French: Exchange Variation} Nxd5 8. Nf3 h6 (8... Be7 9. O-O Nd7 10. Ne4 N5f6 11. Nfg5 Bd5 12. Nc3 Nb6 13. Bf4 h6 {½-½ (13) Kunin,V (2595)-Teske,H (2487) Germany 2017}) 9. O-O {The position is equal.} Bb4 $146 ({Predecessor:} 9... Nd7 10. Re1 {1-0 (24) Iskusnyh,S (2478)-Oganisjan,R (2306) Novokuznetsk 2008}) 10. Ne4 Nd7 11. a3 Be7 12. Re1 O-O 13. Bc2 N5f6 ({Better is} 13... Re8 $11) 14. Ng3 Re8 15. Bf4 Rc8 16. Nf5 Bf8 17. Qd3 c5 18. Rad1 c4 19. Qd2 Nd5 20. Bg3 N7f6 21. Qc1 c3 22. b4 (22. h3 $142) 22... a5 $17 23. bxa5 Qxa5 24. Nd6 Bxd6 $1 25. Bxd6 Red8 26. Be5 Ra8 27. a4 Nd7 $1 28. Bf4 Nb4 $1 29. Ne5 (29. Rxe6 $17 fxe6 30. Bb3) 29... Nf6 (29... Nxc2 $19 {and Black stays clearly on top.} 30. Qxc2 Nf6) 30. Bxh6 Nxc2 ({Much worse is} 30... gxh6 31. Qxh6 Nxc2 32. Qg5+ Kh7 33. Qh4+ Kg7 34. Qg5+ Kh7 35. Qh4+ Kg7 36. Qg5+ Kh7 $11) 31. Bxg7 Nh7 $1 ({Of course not} 31... Kxg7 $6 32. Qg5+ Kh7 33. Qh4+ Kg7 34. Qg5+ Kh7 35. Qh4+ Kg7 36. Qg5+ $11) 32. Qxc2 {Strongly threatening Bh6.} Kxg7 33. Rd3 {Black must now prevent Rg3+.} Nf6 $2 (33... Qxa4 $17 {keeps the pressure on.} 34. Qxc3 Qa5 35. Rg3+ Kh8) 34. Rg3+ $1 $16 Kf8 {[#]} 35. Rf3 (35. Nxf7 $1 $16 {[%mdl 512]} Bxf7 36. Qc1) 35... Qxa4 36. Qxc3 {And now Qc5+ would win.} Rac8 $2 {[%mdl 8192]} (36... Qxd4 $11 37. Qxd4 Rxd4 38. Rxf6 b5) 37. Qe3 $18 Ng8 38. Qg5 $2 (38. Ng6+ $1 $18 Ke8 39. Qf4) 38... Qxd4 $2 {[#]} (38... Qb4 $11 {and Black is okay.} 39. Nd3 Qe7) 39. Rg3 $2 ({White must play} 39. Qh5 $1 $18 {[%cal Rf3f7] White threatens Rxf7+ and mate.} Qd5 40. Ng6+ Ke8 {[#]} 41. Qh7 $1 {[%mdl 512]}) 39... f6 $2 {[%mdl 8192]} (39... Qd2 $11 40. Qxg8+ Ke7 41. Qg5+ Qxg5 42. Rxg5 b5) 40. Qg7+ {[%mdl 64] Double Attack. White is clearly winning.} Ke8 {[#]} 41. Ng6 $1 {[%mdl 512]} Rc1 42. Qxg8+ {[%mdl 64] Double Attack. Accuracy: White = 31%, Black = 40%.} 1-0

[Event "46th OKU-A 2019"]
[Site "Utrecht"]
[Date "2019.05.31"]
[Round "1.8"]
[White "Van der Leij, Arjan"]
[Black "Lalic, Bogdan"]
[Result "0-1"]
[WhiteElo "2039"]
[BlackElo "2400"]
[Annotator "ChessBase"]
[PlyCount "46"]
[EventDate "2019.05.31"]
[EventType "swiss"]
[EventCountry "NED"]
[SourceTitle "playchess.com"]
[Source "ChessBase"]
[SourceQuality "1"]
[TimeControl "6600+10"]

1. e4 {[%emt 0:00:00]} c5 {[%emt 0:00:00]} 2. b4 {[%emt 0:00:05]} e5 {[%emt 0:01:11]} 3. Nf3 {[%emt 0:01:55]} Nc6 {[%emt 0:00:24]} 4. b5 {[%emt 0:05:05]} Nd4 {[%emt 0:00:05]} 5. Bc4 {[%emt 0:01:27]} Nxf3+ {[%emt 0:00:52]} 6. Qxf3 {[%emt 0:00:10]} Nf6 {[%emt 0:00:21]} 7. O-O {[%emt 0:02:42]} Be7 {[%emt 0:00:57]} 8. d3 {[%emt 0:00:25]} O-O {[%emt 0:00:12]} 9. Nc3 {[%emt 0:01:31]} d6 {[%emt 0:00:07]} 10. Bg5 {[%emt 0:03:07]} Be6 {[%emt 0:00:16]} 11. Bxe6 {[%emt 0:02:22]} fxe6 {[%emt 0:00:08]} 12. Qh3 {[%emt 0:00:17]} Qc8 {[%emt 0:03:18]} 13. Ne2 {[%emt 0:03:25]} c4 {[%emt 0:02:33]} 14. d4 {[%emt 0:07:14]} Rf7 {[%emt 0:00:15]} 15. dxe5 {[%emt 0:01:58]} dxe5 {[%emt 0:00:05]} 16. Bxf6 {[%emt 0:16:26]} Rxf6 {[%emt 0:00:42]} 17. f4 {[%emt 0:09:31]} Qc5+ {[%emt 0:01:51]} 18. Kh1 {[%emt 0:00:09]} exf4 {[%emt 0:03:43]} 19. Rxf4 {[%emt 0:11:25]} Rh6 {[%emt 0:00:52]} 20. Qf3 {[%emt 0:01:53]} Bd6 {[%emt 0:00:43]} 21. Qf2 {[%emt 0:00:22]} Rxh2+ {[%emt 0:00:36]} 22. Kg1 {[%emt 0:00:21]} Rh5 {[%emt 0:01:16]} 23. Ng3 {[%emt 0:08:41]} Bxf4 {[%emt 0:00:16]} 0-1

[Event "46th OKU-A 2019"]
[Site "Utrecht"]
[Date "2019.05.31"]
[Round "1.9"]
[White "Van Overdam, Julian"]
[Black "Brouwer, Timon"]
[Result "1-0"]
[WhiteElo "2371"]
[BlackElo "1999"]
[Annotator "TA"]
[PlyCount "37"]
[EventDate "2019.05.31"]
[EventType "swiss"]
[EventCountry "NED"]
[SourceTitle "playchess.com"]
[Source "ChessBase"]
[SourceQuality "1"]

{[%evp 9,37,0,24,37,36,39,49,10,76,64,59,52,174,186,149,145,241,174,702,705,805,767,818,805,827,838,1323,1306,6670,1471]} 1. e4 d6 2. d4 Nf6 3. Nc3 Nbd7 4. Nf3 e5 5. g4 (5. Bc4 Be7 6. O-O O-O 7. a4 c6 8. Re1 h6 9. h3 Re8 10. dxe5 Nxe5 11. Nxe5 dxe5 12. Qf3 Bb4 13. Rd1 Qe7 14. Ne2 Be6 15. Bxe6 Qxe6 16. Ng3 Bc5 17. Be3 Bxe3 18. Qxe3 {½-½ (68) Dominguez Perez,L (2752)-Rapport,R (2739) Hengshui 2019}) 5... h6 6. Rg1 {C41: Philidor Defence} c6 7. Be3 Qc7 8. a4 {White is slightly better.} a5 (8... Be7 $11 {remains equal.}) 9. h4 $146 ({Predecessor:} 9. Qd2 g6 10. O-O-O Bg7 11. h4 h5 12. dxe5 dxe5 13. gxh5 Nxh5 {1-0 (59) Caglar,S (2094)-Jarvenpaa,J (2243) Skopje 2019}) 9... exd4 10. Nxd4 g6 ({Black should try} 10... d5 $14) 11. g5 $36 {[%mdl 2048] Black is under strong pressure.} hxg5 12. hxg5 Ng8 (12... Nh5 $16 {might work better.} 13. Bc4 Nc5) 13. f4 Ne7 $2 {[#]} (13... Nc5 14. Qd2 Qb6) 14. Ndb5 $1 {[%mdl 512] White is clearly winning.} cxb5 15. Nxb5 {[%mdl 64] Double Attack} Qc6 16. Nxd6+ Kd8 17. Bb5 Qxd6 18. Qxd6 {[#] Intending Bxd7 and mate.} Nf5 19. Bb6+ {Accuracy: White = 60%, Black = 13%.} 1-0

[Event "46th OKU-A 2019"]
[Site "Utrecht"]
[Date "2019.05.31"]
[Round "1.10"]
[White "Mensing, Andrew"]
[Black "Van Kerkhof, David"]
[Result "0-1"]
[WhiteElo "1924"]
[BlackElo "2376"]
[Annotator "TA"]
[PlyCount "52"]
[EventDate "2019.05.31"]
[EventType "swiss"]
[EventCountry "NED"]
[SourceTitle "playchess.com"]
[Source "ChessBase"]
[SourceQuality "1"]

{[%evp 11,62,27,18,17,26,33,37,7,0,25,22,9,16,16,20,8,9,-14,0,-33,0,-30,-33,-41,-33,-122,-83,-85,-100,-90,-110,-182,-188,-180,-181,-185,-189,-181,-134,-201,331,-160,535,528,1347,-182,-178,-243,-145,-215,-194,-921,158]} 1. e4 e5 2. Nf3 Nc6 3. Bc4 Nf6 4. d3 Be7 5. c3 O-O 6. Nbd2 {[%cal Bb1d2,Bd2e4,Be4g3][%mdl 32]} d5 7. exd5 {C55: Two Knights: 4 d3, 4 d4 exd4 5 e5 and Max Lange Attack} Nxd5 8. O-O Bg4 9. h3 {White is slightly better.} Bh5 10. Ne4 Kh8 11. Re1 (11. Ng3 Bg6 12. Re1 f5 13. Bb5 f4 14. Ne4 Bh5 15. Bxc6 bxc6 {1-0 (41) Minasian,A (2467)-Ivanisevic,I (2587) Batumi 2018}) 11... f6 12. Ng3 Bf7 13. Bb3 Bc5 $146 ({Predecessor:} 13... Na5 14. Bc2 c5 {1-0 (28) Godoy Bugueno,D (2340)-Bulgarini Torre,M (2040) Santiago de Chile 1994}) 14. Nh4 Qd7 15. Qf3 Rad8 16. Ne4 Bb6 17. Ba4 Bg8 18. Nf5 (18. Qh5 $15 Nde7 19. Bc2) 18... Nd4 19. Nxd4 Qxa4 20. Nf5 Qd7 21. Bd2 (21. a4 $17 {keeps fighting.} a5 22. Neg3) 21... Nf4 $1 $19 {[%mdl 64] [#] Discovered Attack} 22. Bxf4 {And now Be3 would win.} Qxf5 23. Be3 Qxf3 24. gxf3 Rd5 25. d4 {[#]} (25. Rad1 $17 {might work better.}) 25... Rxd4 $4 {[%mdl 8192]} ({Don't take} 25... exd4 26. cxd4 Rh5 27. Kg2 $17) (25... f5 $1 $19 {[%cal Rf5e4] avoids the disaster.} 26. c4 exd4) 26. Red1 $2 ({Less strong is} 26. Bxd4 exd4 27. cxd4 Bxd4 $14) ({Only move:} 26. cxd4 $18 exd4 27. Bf4) 26... Rxd1+ {Played: Rd4-d3} 0-1

[Event "46th OKU-A 2019"]
[Site "Utrecht"]
[Date "2019.05.31"]
[Round "1.11"]
[White "Haast, Mark"]
[Black "De Groot, Pieter"]
[Result "1-0"]
[WhiteElo "2391"]
[BlackElo "1977"]
[Annotator "ChessBase"]
[PlyCount "51"]
[EventDate "2019.05.31"]
[EventType "swiss"]
[EventCountry "NED"]
[SourceTitle "playchess.com"]
[Source "ChessBase"]
[SourceQuality "1"]
[TimeControl "6600+10"]

1. c4 {[%emt 0:00:00]} Nf6 {[%emt 0:00:03]} 2. g3 {[%emt 0:00:09]} e6 {[%emt 0:01:01]} 3. Bg2 {[%emt 0:00:10]} d5 {[%emt 0:00:19]} 4. Nf3 {[%emt 0:00:09]} Be7 {[%emt 0:00:24]} 5. O-O {[%emt 0:00:09]} O-O {[%emt 0:00:13]} 6. b3 {[%emt 0:01:21]} c5 {[%emt 0:01:43]} 7. Bb2 {[%emt 0:00:34]} Nc6 {[%emt 0:00:18]} 8. e3 {[%emt 0:01:04]} Qb6 {[%emt 0:01:56]} 9. d3 {[%emt 0:08:42]} Rd8 {[%emt 0:01:10]} 10. Qe2 {[%emt 0:00:37]} Bd7 {[%emt 0:01:50]} 11. Nc3 {[%emt 0:03:02]} Be8 {[%emt 0:02:11]} 12. Rac1 {[%emt 0:04:49]} Rac8 {[%emt 0:00:28]} 13. Na4 {[%emt 0:06:51]} Qa6 {[%emt 0:02:49]} 14. Bxf6 {[%emt 0:02:16]} gxf6 {[%emt 0:00:09]} 15. cxd5 {[%emt 0:00:14]} Rxd5 {[%emt 0:00:21]} 16. Ne1 {[%emt 0:00:41]} Rdd8 {[%emt 0:09:37]} 17. Rxc5 {[%emt 0:02:09]} Bxc5 {[%emt 0:00:33]} 18. Nxc5 {[%emt 0:00:10]} Qb6 {[%emt 0:01:19]} 19. Qg4+ {[%emt 0:03:08]} Kf8 {[%emt 0:00:32]} 20. d4 {[%emt 0:00:32]} Ke7 {[%emt 0:04:03]} 21. Qh4 {[%emt 0:17:03]} e5 {[%emt 0:05:57]} 22. Ne4 {[%emt 0:01:15]} exd4 {[%emt 0:04:24]} 23. Nxf6 {[%emt 0:01:53]} Kf8 {[%emt 0:00:59]} 24. Bh3 {[%emt 0:05:41]} dxe3 {[%emt 0:06:19]} 25. Qh6+ {[%emt 0:01:08]} Ke7 {[%emt 0:00:09]} 26. Ng8# {[%emt 0:00:24]} 1-0